Foreign-Born Population: Canada Quiz Stats

 Plays Quiz Updated Mar 10, 2020

Support Sporcle.
Go Orange.
Score 0/20 Timer 05:00
2 Plays Today
Foreign-Born Population Country % Correct
253,715United States
97.6%
105,570France
94.9%
499,120United Kingdom
94.9%
863,945China
94.8%
145,840Germany
88.1%
668,565India
87%
236,635Italy
80.9%
202,255Pakistan
69.2%
146,470Poland
68.3%
123,305South Korea
64.9%
Foreign-Born Population Country % Correct
154,420Iran
63.9%
139,450Portugal
61.6%
169,250Vietnam
60.8%
588,305Philippines
50.9%
88,475Netherlands
50.1%
138,345Jamaica
37.7%
90,310Romania
36.1%
93,485Haiti
29.9%
131,995Sri Lanka
29%
88,740Lebanon
23.7%

From the Vault

'Friends' Characters by Image

by sproutcm

I mean, what's not to like? Custard, good. Jam, good. Meat, good!
Remove Ads.
Support Sporcle.
Get the best of Sporcle when you Go Orange. This ad-free experience offers more features, more stats, and more fun while also helping to support Sporcle. Thank you for becoming a member.

Show Comments

Extras

Top Quizzes Today


Score Distribution

Your Account Isn't Verified!

In order to create a playlist on Sporcle, you need to verify the email address you used during registration. Go to your Sporcle Settings to finish the process.

Report this User

Report this user for behavior that violates our Community Guidelines.

Details: